| 000 | 00985nam2a22002531 4500 | ||
|---|---|---|---|
| 001 | rc\963952 | ||
| 005 | 20250622110352.0 | ||
| 035 | _a(NLR Aleph) 006255169 | ||
| 090 |
_a6791875 _c6791875 |
||
| 100 | _a20041129d1982 |||y0rusy50 ca | ||
| 101 | 0 | _arus | |
| 102 | _aRU | ||
| 105 | _aa ||||||||| | ||
| 200 | 0 |
_aТ. 1 _fПер. М.Л. Калецкой |
|
| 210 |
_d1982 _aБ. м. |
||
| 215 |
_a272 с. _cил. |
||
| 320 | _aБиблиогр.: с. 6 | ||
| 320 | _aБиблиогр. в конце глав | ||
| 461 | 0 |
_1001rc\963951 _12001#$aГистология$eВ 5 т.$fПер. с англ. под ред. Ю.И. Афанасьева, Ю.С. Ченцова$vТ. 1 _1700#1$aХэм$bА.$gАртур _96791867 _aХэм, А. _cМ. _d1982- _fПер. с англ. под ред. Ю.И. Афанасьева, Ю.С. Ченцова _nМир _oВ 5 т. _tГистология _vТ. 1 |
|
| 801 | 0 |
_aRU _bNLR _gpsbo |
|
| 801 | 1 |
_aRU _bELAR _2rusmarc |
|
| 852 |
_aNLR _j83-7/629 |
||
| 942 | _cBOOK | ||
| 980 | _aNB | ||